Invenções (Registo nº 112886)

Detalhes MARC
000 -Etiqueta do registo
Valores 00617nam 22002053 4500
021 ## - Número do Depósito Legal
Código do país Portugal
Número 98137/95
100 ## - Dados gerais de processamento
Dados gerais 20251112d u||y0pory50 ba
101 ## - Língua de publicação
Língua Português
200 ## - Titulo e menção de responsabilidade
Título próprio Invenções
Primeira menção de responsabilidade texto de Richard Platt
Informação de outro título dos primeiros utensílios de pedra aos satélites e supercondutores
210 ## - Publicação
Local de publicação Lisboa
Nome do editor Verbo
Data de publicação D. L. 1995
215 ## - Descrição física 
Paginação / Volumes 64 p.
Outras indicações físicas il. ; encadernado
Dimensões 31 cm
225 ## - Colecção 
Título próprio da colecção História Visual
606 ## - Nome comum usado como assunto
Palavra de ordem Engenharia. Tecnologia em Geral
ID Autoridade 13230
675 ## - CDU
Notação 62
Edição PT
Língua por
700 ## - Autor principal (pessoa individual)
Apelido Platt
ID Autoridade 4581
Nome Richard
Datas 1953-
801 ## - Fonte de origem
País PT
Agência BMMN
Regras de catalogação RPC
830 ## - Notas gerais do catalogador
Criado por Isabel
990 ## - Elementos KOHA
Tipo de documento Livro
Exemplares
Situação do levantamento Biblioteca de origem Código de barras Cota Permissão de empréstimo Tipo de documento Forma de aquisição
  Biblioteca Municipal de Montemor-o-Novo 27666 62 PLA|DEP-AIJ   Livro Compra

Powered by Koha